Évangile de la nature (Record no. 13939)

MARC details
010 ## - Numéro international normalisé du livre (ISBN)
ISBN 9782330205911
Disponibilité et/ou prix 12 EUR
099 ## - Visibilité opac
notice masquée en opac Non
100 ## - Données générales de traitement
Données générales de traitement 20250730d2025 m y0frey50 ba
101 0# - Langue de la ressource
Langue du texte, de la bande son, etc. français
102 ## - Pays de publication ou de production
Pays de publication France
200 1# - Titre et mention de responsabilité
Titre propre Évangile de la nature
Indication générale du type de document Livre
214 #0 - Mentions de production, publication, diffusion et manufacture
Nom de l’éditeur Actes Sud-Papiers
Date de publication DL 2025
214 #3 - Mentions de production, publication, diffusion et manufacture
Nom de l’éditeur Impr. Corlet
215 ## - Description physique
Nombre de pages 1 vol. (89 p.)
225 1# - Collection
Titre de la collection Au singulier
323 ## - Nombre de personnages
Texte de la note indéfini
330 ## - Résumé ou extrait
Texte de la note Évangile de la nature, adaptation libre du poème De rerum natura de Lucrèce, est un hymne poétique et philosophique à la nature et à la raison. Christophe Perton réduit les 7 400 vers originaux à 1 400, resserrant sur les passages clés et permettant ainsi une meilleure compréhension et une plus grande résonance émotionnelle. La beauté et la force du texte, mêlant rigueur scientifique et puissance poétique, associées à une traduction fluide et moderne par Marie NDiaye et Christophe Perton, en font un outil puissant pour éclairer les enjeux actuels et inspirer toutes les générations.
610 ## - Mot-clé
Mot-clé écologie
700 ## - Auteur principal
Nom Lucrèce
701 #1 - Coauteur
Nom Ndiaye
Prénom Marie
Dates 1967-....
702 #1 - Nom de personne - mention de responsabilité secondaire
Nom Lucrèce
Dates 0097?-0055 av. J.-C.
702 #1 - Nom de personne - mention de responsabilité secondaire
Nom Perton
Prénom Christophe
Dates 1964-....
105 ## - Zone de données codées : textes, monographies
Données codées sur les monographies textuelles y z 00|a|
181 ## - Zone de données codées : Forme de la ressource
Données de liaison entre champs z01
Autre référentiel utilisé pour coder la forme du contenu texte
Code du référentiel rdacontent
181 #1 - Zone de données codées : Forme de la ressource
Données de liaison entre champs z01
Forme du contenu selon l’ISBD sous forme codée i#
Qualificatif(s) du contenu selon l’ISBD sous forme codée xxxe##
182 ## - Zone de données codées : type de média
Données de liaison entre champs z01
Autre référentiel utilisé pour coder le type de médiation sans média
Code du référentiel rdamedia
182 #1 - Zone de données codées : type de média
Données de liaison entre champs z01
Type de médiation selon l’ISBD sous forme codée sans média
214 #0 - Mentions de production, publication, diffusion et manufacture
Lieu de publication, production, distribution/diffusion, fabrication Arles
214 #3 - Mentions de production, publication, diffusion et manufacture
Lieu de publication, production, distribution/diffusion, fabrication 14-Condé-sur-Noireau
215 ## - Description physique
Dimensions 19 cm
225 1# - Collection
ISSN de la collection 2743-6608
410 ## - Collection
Titre de l'oeuvre Au singulier (Arles)
Date de publication 2025
686 ## - Autres numéros de classification
Indice 801
Code du format utilisé Cadre de classement de la Bibliographie nationale française
701 #1 - Coauteur
Code de fonction Traducteur
702 #1 - Nom de personne - mention de responsabilité secondaire
Identifiant de la notice d'autorité 026997576
Eléments ajoutés aux noms autres que les dates poète philosophe latin du Ier siècle av. J-C
Code de fonction Antécédent bibliographique
702 #1 - Nom de personne - mention de responsabilité secondaire
Code de fonction Adaptateur
801 #3 - Origine de la notice
Pays FR
Agence de catalogage Abes
Date de la transaction 20250730
Règles de catalogage utilisées AFNOR
801 #0 - Origine de la notice
Pays FR
Agence de catalogage FR-751131015
Date de la transaction 20250604
Règles de catalogage utilisées AFNOR
Code du format utilisé intermrc
000 -Etiquette de la notice
Leader 02115nam0a2200529 4500
003 - Identifiant de la notice
Identifiant http://www.sudoc.fr/28666223X
005 - Identifiant de la version
Identifiant 20251009121618.0
033 ## - Identifiant pérenne dans d’autres systèmes
Identifiant de la notice http://catalogue.bnf.fr/ark:/12148/cb48525744m
035 ## - Identifiant de la notice dans un autre système
Identifiant de la notice dans un autre système (OCoLC)1530498717
035 ## - Identifiant de la notice dans un autre système
Identifiant de la notice dans un autre système FRBNF485257440000005
Numéro erroné ou annulé FRBNF48525744
035 ## - Identifiant de la notice dans un autre système
Identifiant de la notice dans un autre système ALP000856555
073 #0 - EAN
Numéro normalisé 9782330205911
Holdings
Exclu du prêt Date de création Site actuel Code barre Date prix de remplacement Cote Statut Site de rattachement Type de document Koha
  09.10.2025 Théâtre Joliette JOL-007639 09.10.2025 TH LUC X   Théâtre Joliette Livre